North American Sports Cities that Have Won the Most Championships - Statistics

General Stats
  • This quiz has been taken 221 times
    146 since last reset
  • The average score is 19 of 23
Answer Stats
Championships City % Correct
39 Boston
100%
56 New York City
100%
29 Chicago
99%
23 Los Angeles
98%
9 Dallas
93%
7 Miami
93%
20 San Francisco Bay Area
93%
6 Houston
91%
22 Detroit
90%
18 Philadelphia
90%
17 Pittsburgh
83%
9 Washington, D.C.
83%
7 Denver
81%
18 Toronto
81%
13 Cleveland
78%
27 Montreal
77%
6 Kansas City
75%
14 St. Louis
71%
9 Baltimore
70%
5 Tampa
70%
5 San Antonio
64%
7 Minneapolis
61%
5 Edmonton
56%
No matching quizzes found
Score Distribution
Percent of People with Each Score
Percentile by Number Answered
Your Score History
You have not taken this quiz since the last reset